Udal v Dutton (Record no. 79919)
[ view plain ]
| 000 -LEADER | |
|---|---|
| fixed length control field | 01717cad a22001935a 4500 |
| 001 - CONTROL NUMBER | |
| control field | L142715 |
| 008 - FIXED-LENGTH DATA ELEMENTS--GENERAL INFORMATION | |
| fixed length control field | 080304e20071130xxk f w 000 0 eng d |
| 035 ## - SYSTEM CONTROL NUMBER | |
| System control number | (Sirsi) u142715 |
| 041 0# - LANGUAGE CODE | |
| Language code of text/sound track or separate title | eng |
| 245 00 - TITLE STATEMENT | |
| Title | Udal v Dutton |
| Medium | [electronic resource] |
| 260 ## - PUBLICATION, DISTRIBUTION, ETC. | |
| Date of publication, distribution, etc. | 2008 |
| 520 ## - SUMMARY, ETC. | |
| Summary, etc. | [2007] EWHC 2862 (TCC), 30 November 2007. Considers the liability of a property owner who has demolished a section of a party wall without permission of the other property owner to remedy the situation and secure the boundary. The applicant householders (U) applied for an interim injunction preventing the respondent developers (D) from further developing a party fence wall. D had applied for permission to use the wall between gardens as part of extension work, to which U had objected. Surveyors confirmed its status as a party fence wall. There was no concern expressed about the condition of the wall. D subsequently argued by handwritten note that the wall was unsafe, and the following day demolished part of the wall. "Held": There had been no suggestion that the wall was unsafe. D was guilty of trespass and wrongful interference with property. U sought an injunction to prevent further interference, and to take appropriate steps to secure the boundary, which was a more appropriate measure than a damages award since U was concerned merely that interference with their property be avoided. Application granted. |
| 590 ## - LOCAL NOTE (RLIN) | |
| Local note | KA |
| 650 24 - SUBJECT ADDED ENTRY--TOPICAL TERM | |
| Topical term or geographic name entry element | UDAL V DUTTON |
| 651 #4 - SUBJECT ADDED ENTRY--GEOGRAPHIC NAME | |
| Geographic name | England and Wales |
| Chronological subdivision | 1543- |
| 690 ## - LOCAL SUBJECT ADDED ENTRY--TOPICAL TERM (OCLC, RLIN) | |
| Topical term or geographic name as entry element | PROPERTY-PROPERTY MANAGEMENT-EASEMENTS-PARTY WALL SURVEYING-PARTY WALLS |
| 856 40 - ELECTRONIC LOCATION AND ACCESS | |
| Uniform Resource Identifier | <a href="https://www.bailii.org/ew/cases/EWHC/TCC/2007/2862.html">https://www.bailii.org/ew/cases/EWHC/TCC/2007/2862.html</a> |
| Public note | View the judgment free of charge at www.bailii.org... |
| 942 ## - ADDED ENTRY ELEMENTS (KOHA) | |
| Suppress in OPAC | 0 |
| Withdrawn status | Lost status | Source of classification or shelving scheme | Damaged status | Not for loan | Home library | Current library | Shelving location | Date acquired | Total Checkouts | Full call number | Barcode | Date last seen | Copy number | Price effective from | Koha item type |
|---|---|---|---|---|---|---|---|---|---|---|---|---|---|---|---|
| Dewey Decimal Classification | Virtual | Virtual | Online | 04/03/2008 | ONLINE PUBLICATION | 142715-1001 | 06/08/2019 | 1 | 06/08/2019 | Law report |